000 01074cam a22003258a 4500
999 _c4258
_d4258
003 ALUPE UNIVERSITY COLLEGE
005 20220321110107.0
008 100209s2010 onca b 000 0 eng
020 _a1894332059
040 _cALUPE UNIVERSITY COLLEGE
050 _aRC111
_b.A58 2005
055 0 _aRC111
_bA58 2010
090 _a616.906 ANT
245 0 0 _aAnti-infective guidelines for community-acquired infections /
_cAnti-infective Review Panel.
250 _a2005 edition
260 _aToronto :
_bMUMS Guideline Clearinghouse,
_cc2005.
336 _atext
_btxt
_2rdacontent
337 _aunmediated
_bn
_2rdamedia
338 _avolume
_bnc
_2rdacarrier
504 _aIncludes bibliographical references.
650 0 _aAntibiotics
_xTherapeutic use.
650 0 _aCommunity-acquired infections
_xTreatment.
650 0 _aCommunicable diseases
_xTreatment.
650 0 _aFamily medicine.
650 0 _aPrimary care (Medicine)
710 2 _aAnti-infective Review Panel.
710 2 _aMUMS Guidelines Clearinghouse.
910 _aCanadian.
942 _2lcc
_cBK